| 000 -LEADER |
| fixed length control field |
00831nam a22002055i 4500 |
| 001 - CONTROL NUMBER |
| control field |
20676412 |
| 005 - DATE AND TIME OF LATEST TRANSACTION |
| control field |
20201208142342.0 |
| 008 - FIXED-LENGTH DATA ELEMENTS--GENERAL INFORMATION |
| fixed length control field |
180920s2019 vau 000 0 eng |
| 020 ## - INTERNATIONAL STANDARD BOOK NUMBER |
| International Standard Book Number |
9781938548857 |
| 041 ## - LANGUAGE CODE |
| Language code of text/sound track or separate title |
eng |
| 080 ## - UNIVERSAL DECIMAL CLASSIFICATION NUMBER |
| Universal Decimal Classification number |
070+004.738 W-96 |
| 100 1# - MAIN ENTRY--PERSONAL NAME |
| Personal name |
Wynne, Robert. |
| 9 (RLIN) |
9872 |
| 245 10 - TITLE STATEMENT |
| Title |
Straight talk about public relations : |
| Remainder of title |
new strategies on social media and content marketing / |
| Statement of responsibility, etc. |
Robert Wynne. |
| 264 #1 - PRODUCTION, PUBLICATION, DISTRIBUTION, MANUFACTURE, AND COPYRIGHT NOTICE |
| Place of production, publication, distribution, manufacture |
Palmyra : |
| Name of producer, publisher, distributor, manufacturer |
Maven House Press, |
| Date of production, publication, distribution, manufacture, or copyright notice |
2019. |
| 300 ## - PHYSICAL DESCRIPTION |
| Extent |
189 p. |
| Other physical details |
20 cm. |
| 653 ## - INDEX TERM--UNCONTROLLED |
| keyword |
საზოგადოებასთან ურთიერთობა |
| 653 ## - INDEX TERM--UNCONTROLLED |
| keyword |
მედია |
| 653 ## - INDEX TERM--UNCONTROLLED |
| keyword |
ახალი სტრატეგიები სოციალურ მედიასა და შინაარსობრივ მარკეტინგში |
| 942 ## - ADDED ENTRY ELEMENTS (KOHA) |
| Source of classification or shelving scheme |
|
| Koha item type |
წიგნი |